000 00246nam a2200097Ia 4500
001 916941
005 20250826185903.0
008 250824s9999 xx 000 0 und d
245 0 _aÖLÜ OZANLAR DERNEĞİ
_cN H KLEINBAUM
260 _bBİLGE YAYINLARI
999 _c916941
_d916941